000 00484nam a2200193Ia 4500
003 OSt
005 20250510090615.0
008 210210b1969 xxu||||| |||| 00| 0 eng d
040 _cAL
041 _aKannada
082 _aK894.4 MANU
100 _aMANU
_d ಮನು
_9209803
245 _aManusmrati.
_bಮನುಸ್ಮೃತಿ
260 _aDharavada
_bSamaja Pustakalaya
_c1969
300 _axiv,538
690 _aKannada Prose
_9209804
906 _a032654
942 _2ddc
_cBK
999 _c83649
_d83649